00941cam a2200301 a 45000010005000000030006000050050017000110080041000280100017000690200023000860200022001090400023001310500014001540820012001681000027001802450079002072600036002863000048003224900037003705050007004075200066004145210018004805210018004986500045005166500015005616500022005767000041005984650FISKH20240918161241.0900416s1991 nyua j 000 0 eng  a 90036045  a067991207X (glb) : a0679812075 (tr) : aDLCcDLCdDLCbeng aQE861.P45 a567.91 1 aPenner, Lucille Recht.10aDinosaur babies /cby Lucille Recht Penner ; illustrated by Peter Barrett. aToronto :bRandom House,c1991. a32 pages : bcolor illustrations ; c23 cm 1 aStep into reading. A Step 1 book aJ  aDescribes the characteristics and behavior of baby dinosaurs.8 a470 bLexile 8 aJ bRaz-Plus  0aDinosaursxInfancyxJuvenile literature. 1aDinosaurs. 1aAnimalsxInfancy.1 aBarrett, Peter,d1935-eillustrator